| 000 | 00925nam2a22002651 4500 | ||
|---|---|---|---|
| 001 | RU\NLR\INFOCOMM31\5000051026 | ||
| 005 | 20260607104311.0 | ||
| 035 | _a(NLR Aleph) 002368630 | ||
| 090 |
_a13723423 _c13723423 |
||
| 100 | _a20041201d1968 |||y0rusy50 ca | ||
| 101 | 0 | _arus | |
| 102 | _aTJ | ||
| 105 | _ay ||||000|y | ||
| 200 | 1 |
_aЯд змеи гюрзы _fЮ.Б. Исхаки, А.А. Жаворонков |
|
| 210 | _d1968 | ||
| 461 | 0 |
_1001RU\NLR\INFOCOMM31\5000050750 _12001#$aТруды Сталинабадского государственного медицинского института$fНар. ком. здрав. Таджикской ССР$vТ.81 |
|
| 700 | 1 |
_aИсхаки _bЮ. Б. _4070 |
|
| 701 | 1 |
_aЖаворонков _bА. А. _4070 |
|
| 801 | 0 |
_aRU _bNLR _gPSBO |
|
| 801 | 1 |
_aRU _bInfoComm _c20041201 |
|
| 852 |
_aNLR _jП16/389 |
||
| 942 | _cISSUE | ||
| 980 | _aRUSPER | ||
| 980 | _aNB | ||